00523nam a2200145Ia 4500008004100000020001800041040002900059050003500088100003700123245004000160260002600200942000700226952012900233999001500362230107s9999||||xx |||||||||||||| ||und|| a9789966447173 cChuka University Library aFIC PL 8704 bA2L55 2007 SUPP  aKingei, kitula, John Kobia95177 0aLikizo ya mauti na hadithi nyingine aK.L.B.bNairobic2007 cBK 001040708LGLaCHKbCHKcGENd2023-01-07l0oFIC PL 8704 .A2L55 2007 SUPP p6920/2011r2023-01-07 00:00:00w2023-01-07yBK c9397d9397